Normal view
MARC view
Entry Nombre de reunión
001 - NÚMERO DE CONTROL
- campo de control: 26754
003 - IDENTIFICADOR DEL NÚMERO DE CONTROL
- campo de control: OSt
005 - FECHA Y HORA DE LA ÚLTIMA TRANSACCIÓN
- campo de control: 20220127112001.0
008 - DATOS DE LONGITUD FIJA
- campo de control de longitud fija: 040304|| aznnnabb| un and |u
040 ## - FUENTE DE LA CATALOGACIÓN
- Centro catalogador/agencia de origen: OSt
- Centro/agencia transcriptor: OSt
111 00 - ENCABEZAMIENTO--NOMBRE DE CONGRESO/REUNIÓN
- Nombre de congreso/reunión o jurisdicción como elemento de entrada: Congreso Internacional de Grana Cochinilla y Colorantes Naturales (
- Número del congreso/reunión o número de parte o sección: 2 :
- Fecha del congreso/reunión: 2002 :
- Sede del congreso/Lugar de la reunión: Guadalajara, Jal.)
